000 00584nam a2200193Ia 4500
003 GCL
008 140319s9999 xx 000 0 ara d
040 _aGCL /
_cGCL
082 0 4 _a891.7
_bم ش
100 1 _aمازن الحسينى
245 1 0 _aالشريد /
_cمازن الحسينى
300 _a143 ص
490 _aعيون القصص العالمى
_v0
650 0 4 _aالادب الروسى
650 0 4 _aتاريخ ونقد
650 0 4 _aالادب الروسى المترجم
650 0 4 _aالقصص الروسية القصيرة المترجمة
942 _2ddc
_cBK
999 _c47273
_d47273